| 000 | 00661nam a2200205Ia 4500 | ||
|---|---|---|---|
| 003 | LDD | ||
| 008 | 181029s9999 xx 000 0 und d | ||
| 020 |
_a787946818 _cUS _34.95 |
||
| 040 | _cLDD | ||
| 100 | _aBates, A. W.(Tony) | ||
| 245 | 0 |
_aManaging technological change _bstratgies for college and university leaders _cA. W. Bates (Tony) |
|
| 260 |
_aCalifornia _bJossey-Bass _c1999 |
||
| 300 | _axix, 235 | ||
| 365 |
_bUS _34.95 |
||
| 440 | _aJossey-Bass higher and adult education series | ||
| 901 |
_a1813 _b13-01-2000 |
||
| 902 |
_aSAR/13244 _b14-02-2000 _cF _eSTRIDE |
||
| 903 |
_aDiscount-10 _bReqst by : Dr.(Mrs) Neela Jagannathan |
||
| 942 |
_2ddc _cBK |
||
| 999 |
_c63875 _d63875 |
||